000 00586nam a2200229Ia 4500
003 GCL
008 140319s9999 xx 000 0 ara d
040 _aGCL /
_cGCL
082 0 4 _a301.243
_bف ف
100 1 _aفؤاد صروف
245 1 0 _aالفتح مستمر /
_cفؤاد صروف
260 _a[S.N] :
_bلا يوجد ،
_c1944
300 _a248 ص
490 _a
650 0 4 _aالكيمياء
650 0 4 _aالفلك
650 0 4 _aالعلوم
650 0 4 _aالكون
650 0 4 _aالعلوم التطبيقية
650 0 4 _aالخلايا
942 _2ddc
_cBK
999 _c34627
_d34627